England Under the Tudors. (Record no. 3376)

MARC details
000 -LEADER
fixed length control field 00352nam a22001217a 4500
005 - DATE AND TIME OF LATEST TRANSACTION
control field 20201130120433.0
008 - FIXED-LENGTH DATA ELEMENTS--GENERAL INFORMATION
fixed length control field 201130b ||||| |||| 00| 0 eng d
020 ## - INTERNATIONAL STANDARD BOOK NUMBER
International Standard Book Number 416787207
040 ## - CATALOGING SOURCE
Transcribing agency CML
245 ## - TITLE STATEMENT
Title England Under the Tudors.
Statement of responsibility, etc. Elton G.R.
260 ## - PUBLICATION, DISTRIBUTION, ETC.
Place of publication, distribution, etc. London
Name of publisher, distributor, etc. Methuen and Co Ltd
Date of publication, distribution, etc. 1955
942 ## - ADDED ENTRY ELEMENTS (KOHA)
Source of classification or shelving scheme Dewey Decimal Classification
Koha item type Books
Edition 1st Edition
Classification part 942
Call number suffix ELT
Holdings
Withdrawn status Lost status Source of classification or shelving scheme Damaged status Not for loan Collection code Home library Current library Shelving location Date acquired Total Checkouts Full call number Date last seen Copy number Price effective from Koha item type
    Dewey Decimal Classification     Geography & History Chalimbana Main Library Chalimbana Main Library Geography & History 11/30/2020   942.05 ELT 11/30/2020 1 11/30/2020 Books

Powered by Koha